000 00354 a2200169 4500
001 163512
020 _a85-267-0533-4
040 _cMagnum
100 _aAndrade, Telma GuimarĂ£es Castro
240 1 0 _aTem gente
_lpor
245 1 0 _aTem gente
300 _a24
362 0 _a1993
440 1 _aScipione
697 _aLITERATURA INFANTO
942 _cBK
999 _c163512
_d163512